The outsiders (Record no. 77396)
[ view plain ]
| 000 -LEADER | |
|---|---|
| fixed length control field | 00811cab a2200193 4500 |
| 001 - CONTROL NUMBER | |
| control field | ##L134186 |
| 008 - FIXED-LENGTH DATA ELEMENTS--GENERAL INFORMATION | |
| fixed length control field | 060717n2006 000 0 eng u |
| 035 ## - SYSTEM CONTROL NUMBER | |
| System control number | (Sirsi) u134186 |
| 041 0# - LANGUAGE CODE | |
| Language code of text/sound track or separate title | eng |
| 100 1# - MAIN ENTRY--PERSONAL NAME | |
| Personal name | Jansen, Mark |
| 245 04 - TITLE STATEMENT | |
| Title | The outsiders |
| 260 ## - PUBLICATION, DISTRIBUTION, ETC. | |
| Date of publication, distribution, etc. | 2006 |
| 490 #0 - SERIES STATEMENT | |
| Series statement | Property Week |
| Volume/sequential designation | 71(28) 14 July 2006, 62-63(2) |
| 520 ## - SUMMARY, ETC. | |
| Summary, etc. | Reports on the effect the impending smoking ban is having on the value of pubs in England and Wales. Outside space which was previously ignored for valuation purposes has suddenly become a valuable commodity. Considers fears that pubs without external areas will lose out. |
| 590 ## - LOCAL NOTE (RLIN) | |
| Local note | IKA180706 |
| 651 #4 - SUBJECT ADDED ENTRY--GEOGRAPHIC NAME | |
| Geographic name | England and Wales |
| Chronological subdivision | 1543- |
| 690 ## - LOCAL SUBJECT ADDED ENTRY--TOPICAL TERM (OCLC, RLIN) | |
| Topical term or geographic name as entry element | PROPERTY-COMMERCIAL PROPERTY-LEISURE PROPERTY-REFRESHMENT AND CULINARY PROPERTY-LICENSED PROPERTY |
| 942 ## - ADDED ENTRY ELEMENTS (KOHA) | |
| Suppress in OPAC | 0 |
| Withdrawn status | Lost status | Source of classification or shelving scheme | Damaged status | Not for loan | Home library | Current library | Shelving location | Date acquired | Total Checkouts | Full call number | Barcode | Date last seen | Copy number | Price effective from | Koha item type |
|---|---|---|---|---|---|---|---|---|---|---|---|---|---|---|---|
| Dewey Decimal Classification | London | London | Journal article | 17/07/2006 | L134186 | 134186-1001 | 06/08/2019 | 1 | 06/08/2019 | Journal article |